Vvedenije v kinetičeskuju teoriju stochas. processov...

Enregistré dans:
Détails bibliographiques
Auteur principal: Koga, T. (Auteur)
Format: Livre
Publié: Moskva : Nauka, 1983
Tags: Ajouter un tag
Pas de tags, Soyez le premier à ajouter un tag!

MARC

LEADER 00000nam a22000003a 4500
001 stu88311
005 20150617225630.7
008 040623s1983----------------------------d
040 |a STU  |b slo 
041 0
100 1 |a Koga, T.  |4 aut 
245 1 |a Vvedenije v kinetičeskuju teoriju stochas. processov... 
260 |a Moskva :  |b Nauka,  |c 1983 
996 |b E53121  |c E*53121  |l EE03  |s P  |a 0  |w stu88311_0001